| 000 | nam a22 7a 4500 | ||
|---|---|---|---|
| 999 |
_c128340 _d128340 |
||
| 008 | 181009b xxu||||| |||| 00| 0 eng d | ||
| 050 |
_aBX3756.O4 _bR524 |
||
| 100 |
_aRichardson, M.K. _942823 |
||
| 245 |
_aFather John Ogilvie _cM.K. Richardson |
||
| 260 |
_aLondon _bT. Shand Publications _c1976 |
||
| 300 |
_a40p. ; _c22cm. |
||
| 600 |
_aJohn Ogilvie, st. _942824 |
||
| 942 |
_2lcc _cMONOGRAPH |
||